| 000 | 00661nam a2200205Ia 4500 | ||
|---|---|---|---|
| 003 | LDD | ||
| 008 | 190117s9999 xx 000 0 und d | ||
| 020 | _c₹400 | ||
| 040 | _cLDD | ||
| 041 | _ahi | ||
| 082 | _a8H3.7 प्रे59222मा | ||
| 100 | _aप्रेमचन्द | ||
| 245 | 0 |
_aमानसरोवर _cप्रेमचन्द |
|
| 250 | _aद्वितीय संस्करण | ||
| 260 |
_aनोएडा _bमयूर पेपरबैक्स _c2002 |
||
| 300 | _aभाग 1-8 | ||
| 901 | _aAAKAR | ||
| 904 | _aReqst by : पारिख | ||
| 942 |
_2ddc _cH |
||
| 999 |
_c164235 _d164235 |
||